Sashik Takniki ke Mool Tatav evem Parbhand (Record no. 46409)
[ view plain ]
| 000 -LEADER | |
|---|---|
| fixed length control field | nam a22 7a 4500 |
| 003 - CONTROL NUMBER IDENTIFIER | |
| control field | OSt |
| 005 - DATE AND TIME OF LATEST TRANSACTION | |
| control field | 20190415124154.0 |
| 008 - FIXED-LENGTH DATA ELEMENTS--GENERAL INFORMATION | |
| fixed length control field | 190415b xxu||||| |||| 00| 0 eng d |
| 040 ## - CATALOGING SOURCE | |
| Transcribing agency | sero soft |
| 100 ## - MAIN ENTRY--PERSONAL NAME | |
| Personal name | Sukla,C.S |
| 245 ## - TITLE STATEMENT | |
| Title | Sashik Takniki ke Mool Tatav evem Parbhand |
| 260 ## - PUBLICATION, DISTRIBUTION, ETC. | |
| Place of publication, distribution, etc. | Delhi |
| Name of publisher, distributor, etc. | Dhanpat |
| 300 ## - PHYSICAL DESCRIPTION | |
| Extent | 423 |
| 942 ## - ADDED ENTRY ELEMENTS (KOHA) | |
| Source of classification or shelving scheme | |
| Koha item type | Book Bank |
| Withdrawn status | Lost status | Source of classification or shelving scheme | Damaged status | Not for loan | Home library | Current library | Date acquired | Source of acquisition | Cost, normal purchase price | Inventory number | Total Checkouts | Barcode | Date last seen | Date last checked out | Price effective from | Koha item type |
|---|---|---|---|---|---|---|---|---|---|---|---|---|---|---|---|---|
| IIMT University College of Education | IIMT University College of Education | 04/15/2019 | Loyal book Depot meerut | 135.00 | 10439/24-2-9 | 1 | 05-B-14862 | 08/17/2023 | 10/15/2022 | 04/15/2019 | Book Bank |

